[Event "Championnat de France - Accession"]
[Site "Belfort - SNPHHUATVS"]
[Date "2010.??.??"]
[Round "9.18"]
[White "Sochacki, Wojtek"]
[Black "Le Ruyet, Leopold"]
[Result "1/2-1/2"]
[WhiteElo "2268"]
[BlackElo "2188"]
[PlyCount "33"]

1. e4 c5 2. Nc3 Nc6 3. Nge2 d6 4. d4 cxd4 5. Nxd4 e6 6. Be3 Nf6 7. Bc4 a6 8.
Qe2 Nxd4 9. Bxd4 b5 10. Bb3 Be7 11. O-O-O O-O 12. Rhg1 Bb7 13. e5 dxe5 14. Bxe5
Qb6 15. Bd4 Qc7 16. Be5 Qb6 17. Bd4 1/2-1/2

[Event "Championnat de France - Accession"]
[Site "Belfort - SNPHHUATVS"]
[Date "2010.??.??"]
[Round "9.19"]
[White "Cappon, John"]
[Black "Valles, Manuel"]
[Result "1-0"]
[WhiteElo "2229"]
[BlackElo "2242"]
[PlyCount "77"]

1. e4 c6 2. d4 g6 3. Nc3 Bg7 4. f4 d5 5. e5 Nd7 6. Nf3 Nf8 7. h3 h5 8. Be3 Nh6
9. g3 Bf5 10. Qd2 f6 11. Nh4 Kf7 12. Be2 Be6 13. O-O-O Qc8 14. Bf1 b5 15. Bg2
Qa6 16. Bf1 Qa5 17. a3 Qc7 18. Bd3 Qc8 19. Qg2 a5 20. Ne2 b4 21. a4 b3 22. cxb3
Rb8 23. Bc2 Rb7 24. Kb1 Nf5 25. Nxf5 Bxf5 26. Nc1 Bh6 27. Ka2 Ne6 28. Bxf5 gxf5
29. Qc2 Nc7 30. Nd3 Na6 31. Bd2 e6 32. Rhg1 Rg8 33. Bxa5 Bf8 34. Qe2 Rh8 35.
exf6 Rb8 36. g4 Qb7 37. Nc1 hxg4 38. hxg4 c5 39. Rde1 1-0

[Event "Championnat de France - Accession"]
[Site "Belfort - SNPHHUATVS"]
[Date "2010.??.??"]
[Round "9.20"]
[White "Joie, Sebastien"]
[Black "Schabanel, Stephane"]
[Result "1/2-1/2"]
[WhiteElo "2142"]
[BlackElo "2238"]
[PlyCount "103"]

1. d4 e6 2. c4 b6 3. a3 Bb7 4. Nc3 Nf6 5. Nf3 d5 6. cxd5 Nxd5 7. Bd2 Be7 8. Qc2
O-O 9. e4 Nxc3 10. Bxc3 Nd7 11. Rd1 a6 12. Bd3 c5 13. e5 h6 14. Bh7+ Kh8 15.
Be4 Qc7 16. d5 exd5 17. Bxd5 Bxd5 18. Rxd5 Qc6 19. Rd2 Rfd8 20. O-O Nf8 21.
Rfd1 Ne6 22. Qf5 Kg8 23. h4 g6 24. Rxd8+ Rxd8 25. Rxd8+ Bxd8 26. Qd3 h5 27.
Qxa6 Qe4 28. Qc8 Kg7 29. Qd7 Bxh4 30. Nxh4 Qxh4 31. Qc6 Qd8 32. Qe4 Qg5 33. g3
Qg4 34. Qxg4 hxg4 35. Kf1 Kf8 36. Ke2 Ke7 37. Kd3 Kd7 38. Bd2 Kc6 39. Ke4 c4
40. Be3 b5 41. Bd4 Nc5+ 42. Bxc5 Kxc5 43. e6 fxe6 44. Ke5 b4 45. axb4+ Kxb4 46.
Kxe6 Kb3 47. Kd5 Kxb2 48. Kxc4 Kc2 49. Kd4 Kd2 50. Ke4 Ke2 51. Kf4 Kxf2 52.
Kxg4 1/2-1/2

[Event "Championnat de France - Accession"]
[Site "Belfort - SNPHHUATVS"]
[Date "2010.??.??"]
[Round "10.1"]
[White "Shirazi, Kamran"]
[Black "Sochacki, Christophe"]
[Result "1/2-1/2"]
[WhiteElo "2428"]
[BlackElo "2365"]
[PlyCount "122"]

1. c4 e5 2. Nc3 Nf6 3. Nf3 Nc6 4. e3 Be7 5. a3 O-O 6. b4 d6 7. Bb2 h6 8. h3 e4
9. b5 exf3 10. bxc6 fxg2 11. Bxg2 bxc6 12. Bxc6 Rb8 13. Qc2 Bb7 14. Bxb7 Rxb7
15. Rg1 c6 16. Ne4 Kh8 17. Bd4 d5 18. cxd5 cxd5 19. Ng3 g6 20. h4 Qc8 21. Qxc8
Rxc8 22. h5 Kh7 23. hxg6+ fxg6 24. Ne2 Ne4 25. Nf4 Bxa3 26. Rxg6 Rc1+ 27. Rxc1
Bxc1 28. d3 Ng5 29. Ra6 Nf3+ 30. Kd1 Nxd4 31. Kxc1 Nb3+ 32. Kd1 d4 33. Ke2 Nc5
34. Rd6 dxe3 35. fxe3 a5 36. d4 Nb3 37. Ra6 Rd7 38. d5 Kg7 39. Kf3 Nd2+ 40. Kg4
Nc4 41. e4 Rf7 42. Ne6+ Kg6 43. Nf4+ Kg7 44. Nh5+ Kh7 45. Nf6+ Kg7 46. Ne8+ Kf8
47. Nd6 Nxd6 48. Rxd6 Ra7 49. Rf6+ Kg7 50. Rf3 h5+ 51. Kg5 a4 52. Ra3 h4 53.
Kf5 h3 54. Rxh3 a3 55. Rh1 a2 56. Ra1 Kf7 57. e5 Ra6 58. Ke4 Ke7 59. Kd4 Kd7
60. Kc5 Ra5+ 61. Kc4 Ke7 1/2-1/2

[Event "Championnat de France - Accession"]
[Site "Belfort - SNPHHUATVS"]
[Date "2010.??.??"]
[Round "10.2"]
[White "Friess, Nicolas"]
[Black "Riff, Vincent"]
[Result "0-1"]
[WhiteElo "2246"]
[BlackElo "2334"]
[PlyCount "66"]

1. d4 Nf6 2. c4 e6 3. Nc3 Bb4 4. Qc2 O-O 5. a3 Bxc3+ 6. Qxc3 b5 7. cxb5 c6 8.
Qd3 cxb5 9. Bg5 Nc6 10. Nf3 b4 11. e4 bxa3 12. bxa3 h6 13. Bxf6 Qxf6 14. Be2 a5
15. Qe3 e5 16. Nxe5 Nxe5 17. dxe5 Qxe5 18. O-O Bb7 19. Bf3 Rfe8 20. Rfe1 Bc6
21. Rac1 a4 22. g3 Rab8 23. Rc3 Qe6 24. Qf4 Rb3 25. Ree3 g5 26. Qc7 Rb1+ 27.
Kg2 g4 28. Be2 Bxe4+ 29. f3 gxf3+ 30. Bxf3 Rb2+ 31. Kg1 Qh3 32. g4 Rg2+ 33. Kh1
Rf2 0-1

[Event "Championnat de France - Accession"]
[Site "Belfort - SNPHHUATVS"]
[Date "2010.??.??"]
[Round "10.3"]
[White "Monsieux, Cyril"]
[Black "Moussard, Jules"]
[Result "0-1"]
[WhiteElo "2300"]
[BlackElo "2372"]
[PlyCount "102"]

1. e4 c5 2. Nf3 d6 3. d4 cxd4 4. Nxd4 Nf6 5. Nc3 a6 6. Bg5 Nbd7 7. f4 Qc7 8.
Qf3 h6 9. Bh4 g5 10. fxg5 hxg5 11. Bxg5 Qc5 12. Nf5 e6 13. Bxf6 Nxf6 14. Ng3
Nd7 15. Qf2 Qg5 16. Bd3 Ne5 17. Nge2 Bh6 18. Qg3 Qe7 19. Nd4 Bd7 20. Nf3 Nxf3+
21. Qxf3 O-O-O 22. O-O Rdg8 23. Qf6 Be3+ 24. Kh1 Qf8 25. Rf3 Bb6 26. Raf1 Be8
27. Ne2 Rh6 28. Qc3+ Kb8 29. Rg3 Rxg3 30. Nxg3 Qg8 31. Rf3 Qg4 32. Nf1 Rg6 33.
Ng3 Ka7 34. b3 Bc6 35. Qd2 f5 36. Qf4 fxe4 37. Bxe4 Bxe4 38. Qxe4 Qg5 39. Rf7
d5 40. Qf4 Qxf4 41. Rxf4 e5 42. Rf5 Rc6 43. h4 Rxc2 44. h5 d4 45. h6 d3 46. Ne4
Re2 47. Nc3 Bd4 48. Rf3 d2 49. Rd3 Bxc3 50. h7 e4 51. Rxc3 d1=Q+ 0-1

[Event "Championnat de France - Accession"]
[Site "Belfort - SNPHHUATVS"]
[Date "2010.??.??"]
[Round "10.4"]
[White "Saucey, Michel"]
[Black "Bujisho, Benjamin"]
[Result "1-0"]
[WhiteElo "2306"]
[BlackElo "2418"]
[PlyCount "121"]

1. d4 Nf6 2. c4 g6 3. Nf3 Bg7 4. g3 O-O 5. Bg2 d6 6. Nc3 Nbd7 7. O-O e5 8. b3
Re8 9. Qc2 exd4 10. Nxd4 Nc5 11. Bb2 a5 12. Rad1 c6 13. h3 Qc7 14. e4 Bd7 15.
Bc1 Rad8 16. Bf4 Bc8 17. Rfe1 h6 18. a3 Qb6 19. Be3 Kh7 20. Rb1 Qc7 21. b4 axb4
22. axb4 Ne6 23. b5 Nd7 24. b6 Qb8 25. Nxe6 Rxe6 26. f4 Ree8 27. Bf2 Nf8 28.
Rbd1 Kg8 29. Bd4 Bxd4+ 30. Rxd4 Qa8 31. Qa4 Qxa4 32. Nxa4 Ne6 33. Rdd1 Kf8 34.
f5 gxf5 35. exf5 Ng7 36. g4 h5 37. Nc3 hxg4 38. hxg4 Rxe1+ 39. Rxe1 Ne8 40. Bf3
Nf6 41. Rd1 Ke7 42. Kf2 Nd7 43. Na4 Ne5 44. c5 d5 45. Nb2 Rg8 46. Rd4 Rh8 47.
Kg3 Kf6 48. Nd3 Nxd3 49. Rxd3 Ke5 50. Re3+ Kd4 51. Re7 Rf8 52. f6 Kxc5 53. g5
Kxb6 54. Bh5 Bf5 55. Bxf7 d4 56. Kf4 Bc2 57. Ke5 d3 58. Rd7 c5 59. g6 c4 60. g7
Ra8 61. Bxc4 1-0

[Event "Championnat de France - Accession"]
[Site "Belfort - SNPHHUATVS"]
[Date "2010.??.??"]
[Round "10.5"]
[White "Dubessay, Bastien"]
[Black "Song, Julien"]
[Result "1/2-1/2"]
[WhiteElo "2272"]
[BlackElo "2347"]
[PlyCount "31"]

1. d4 d5 2. c4 c6 3. Nf3 Nf6 4. Nc3 e6 5. Bg5 h6 6. Bxf6 Qxf6 7. e3 Nd7 8. Qc2
g6 9. Bd3 Bg7 10. O-O O-O 11. Rfe1 Qe7 12. Rad1 a6 13. a4 Qb4 14. Na2 Qe7 15.
Nc3 Qb4 16. Na2 1/2-1/2

[Event "Championnat de France - Accession"]
[Site "Belfort - SNPHHUATVS"]
[Date "2010.??.??"]
[Round "10.6"]
[White "Ollier, Pablo"]
[Black "Philippe, Christophe"]
[Result "1/2-1/2"]
[WhiteElo "2293"]
[BlackElo "2431"]
[PlyCount "66"]

1. d4 f5 2. g3 Nf6 3. Bg2 g6 4. c4 Bg7 5. Nc3 d6 6. Nf3 O-O 7. O-O Qe8 8. d5
Na6 9. Rb1 Bd7 10. b4 c6 11. dxc6 bxc6 12. b5 cxb5 13. cxb5 Nc5 14. Nd4 Nfe4
15. Nxe4 Nxe4 16. Qd3 Qf7 17. a4 Rac8 18. Bb2 e5 19. Nc6 Bxc6 20. bxc6 Rxc6 21.
Bxe4 fxe4 22. Qxe4 d5 23. Qe3 Rc4 24. a5 Re4 25. Qd3 Rc4 26. Qe3 d4 27. Qd3
Rfc8 28. Rfc1 Rxc1+ 29. Rxc1 Rxc1+ 30. Bxc1 h5 31. Qe4 Kh7 32. Bg5 a6 33. Bd8
Qd7 1/2-1/2

[Event "Championnat de France - Accession"]
[Site "Belfort - SNPHHUATVS"]
[Date "2010.??.??"]
[Round "10.7"]
[White "Loiret, Stanislas"]
[Black "Demuth, Adrien"]
[Result "1/2-1/2"]
[WhiteElo "2270"]
[BlackElo "2394"]
[PlyCount "111"]

1. e4 c5 2. Nf3 Nc6 3. Bb5 e6 4. O-O Nge7 5. Re1 Nd4 6. a4 g6 7. Nxd4 cxd4 8.
e5 a6 9. Bd3 d6 10. exd6 Qxd6 11. Na3 Bg7 12. Nc4 Qc7 13. b3 O-O 14. Ba3 Rd8
15. Qf3 Nd5 16. Qg3 Qxg3 17. hxg3 b5 18. axb5 axb5 19. Ne5 Bxe5 20. Rxe5 b4 21.
Bb2 Rxa1+ 22. Bxa1 f6 23. Re1 e5 24. Bc4 Kg7 25. f4 exf4 26. gxf4 Nxf4 27. Re4
g5 28. Bxd4 Kg6 29. Be3 Nxg2 30. Bd3 f5 31. Rxb4 Nxe3 32. dxe3 Rd6 33. Rb5 g4
34. e4 Kg5 35. Rc5 Bd7 36. exf5 Kf4 37. b4 h5 38. f6 Rxf6 39. Rxh5 Kg3 40. b5
Re6 41. Bf1 Be8 42. Rc5 Bg6 43. Rc3+ Kf4 44. Kf2 g3+ 45. Rxg3 Bxc2 46. Rc3 Be4
47. Rc5 Rh6 48. Rc3 Rh2+ 49. Ke1 Rb2 50. Be2 Ke5 51. Kf2 Kd4 52. Rc4+ Ke5 53.
Ke3 Rb3+ 54. Kd2 Rxb5 55. Rxe4+ Kxe4 56. Bxb5 1/2-1/2

[Event "Championnat de France - Accession"]
[Site "Belfort - SNPHHUATVS"]
[Date "2010.??.??"]
[Round "10.8"]
[White "Lerch, Patrice"]
[Black "Mancini, Mario"]
[Result "1-0"]
[WhiteElo "2340"]
[BlackElo "2256"]
[PlyCount "81"]

1. e4 e5 2. Bc4 Nf6 3. d3 Nc6 4. Nf3 Be7 5. Bb3 O-O 6. Nbd2 d6 7. c3 Na5 8. Bc2
c5 9. h3 Nc6 10. Qe2 Qc7 11. Nc4 Be6 12. Ng5 d5 13. Ne3 d4 14. Nxe6 fxe6 15.
Nd1 Bd6 16. Bb3 Rae8 17. Ba4 Nd7 18. Bxc6 Qxc6 19. c4 a6 20. b3 Rf7 21. O-O Nf8
22. Bd2 b6 23. Rb1 Ng6 24. g3 Ref8 25. Kg2 Qe8 26. a3 Ne7 27. Rb2 Rf3 28. Qxf3
Rxf3 29. Kxf3 Qh5+ 30. Kg2 Qe2 31. Re1 Qh5 32. f3 Qg6 33. b4 h5 34. h4 Qf7 35.
Nf2 Qe8 36. bxc5 Bxc5 37. Bb4 Qa4 38. Reb1 Kf7 39. Bxc5 bxc5 40. Rb7 Qxa3 41.
Rc7 1-0

[Event "Championnat de France - Accession"]
[Site "Belfort - SNPHHUATVS"]
[Date "2010.??.??"]
[Round "10.9"]
[White "Crut, Aurelien"]
[Black "Bonn, Thomas"]
[Result "1-0"]
[WhiteElo "2314"]
[BlackElo "2250"]
[PlyCount "117"]

1. e4 c5 2. c3 d5 3. exd5 Qxd5 4. d4 Nf6 5. Nf3 Bg4 6. Be2 cxd4 7. cxd4 e6 8.
Nc3 Bb4 9. O-O Bxc3 10. bxc3 O-O 11. h3 Bh5 12. c4 Qa5 13. Qb3 Nc6 14. Bb2 Rad8
15. Rfd1 Rfe8 16. Rac1 Qb4 17. Bc3 Qxb3 18. axb3 Ne4 19. Bb2 Nb4 20. g4 Bg6 21.
Ne5 Na2 22. Ra1 Nac3 23. Re1 Nxe2+ 24. Rxe2 Ng5 25. Re3 f5 26. Nxg6 hxg6 27.
Rxa7 f4 28. Rd3 e5 29. d5 e4 30. Rd1 e3 31. Kg2 f3+ 32. Kg3 exf2 33. Rf1 Re2
34. Bd4 Rf8 35. Rxb7 Ne4+ 36. Kh2 Ra8 37. Rxg7+ Kf8 38. Ra7 Rxa7 39. Bxa7 Ra2
40. Bd4 Rd2 41. Bb6 Ke7 42. h4 Rb2 43. Kh3 Re2 44. g5 Re1 45. Rxf2 Nxf2+ 46.
Bxf2 Rb1 47. b4 Rc1 48. c5 Rb1 49. c6 Kd6 50. Bc5+ Kc7 51. h5 gxh5 52. g6 f2
53. Bxf2 Rxb4 54. Bg3+ Kb6 55. g7 Rg4 56. Be5 Rg5 57. Kh4 Rg2 58. Kxh5 Rg1 59.
Bd4+ 1-0

[Event "Championnat de France - Accession"]
[Site "Belfort - SNPHHUATVS"]
[Date "2010.??.??"]
[Round "10.10"]
[White "Saada, Julien"]
[Black "Daurelle, Herve"]
[Result "1/2-1/2"]
[WhiteElo "2304"]
[BlackElo "2239"]
[PlyCount "46"]

1. d4 Nf6 2. Bg5 e6 3. e4 h6 4. Bxf6 Qxf6 5. c3 Qg6 6. Nd2 d5 7. e5 c5 8. dxc5
Bxc5 9. Ngf3 Nc6 10. g3 O-O 11. Bg2 f6 12. exf6 Qxf6 13. O-O Bd7 14. c4 Rad8
15. cxd5 exd5 16. Qb3 Bb6 17. Qxd5+ Be6 18. Qb5 Rd5 19. Qa4 Ra5 20. Qc2 Rc5 21.
Qa4 Ra5 22. Qc2 Rc5 23. Qa4 Ra5 1/2-1/2

[Event "Championnat de France - Accession"]
[Site "Belfort - SNPHHUATVS"]
[Date "2010.??.??"]
[Round "10.11"]
[White "Favarel, Julien"]
[Black "Lamard, Guillaume"]
[Result "1-0"]
[WhiteElo "2279"]
[BlackElo "2143"]
[PlyCount "85"]

1. d4 Nf6 2. c4 e6 3. Nc3 Bb4 4. f3 O-O 5. a3 Bxc3+ 6. bxc3 Ne8 7. e4 b6 8. Bd3
Ba6 9. Nh3 Nc6 10. e5 f6 11. exf6 gxf6 12. Qd2 Qe7 13. a4 Na5 14. Ba3 c5 15.
Qe2 Rc8 16. Nf4 Nd6 17. O-O Bxc4 18. dxc5 bxc5 19. Qf2 Bxd3 20. Nxd3 Ndb7 21.
Rab1 d6 22. Rfe1 Nc4 23. Bc1 Qf7 24. Bh6 Rfe8 25. Re4 Nba5 26. Rg4+ Kh8 27.
Bg7+ Qxg7 28. Rxg7 Kxg7 29. Nf4 Kf7 30. Qh4 Rh8 31. Nh5 Ke7 32. Nxf6 Kd8 33.
Nd5+ Kd7 34. Qe7+ Kc6 35. Nf6 Rcd8 36. Qxe6 Nb6 37. Qe2 Nbc4 38. Rd1 d5 39. Qe7
Rd6 40. Rxd5 Rxd5 41. Nxd5 Kxd5 42. Qf7+ Kc6 43. Qf6+ 1-0

[Event "Championnat de France - Accession"]
[Site "Belfort - SNPHHUATVS"]
[Date "2010.??.??"]
[Round "10.12"]
[White "Buscara, Sevan"]
[Black "Cappon, John"]
[Result "1/2-1/2"]
[WhiteElo "2259"]
[BlackElo "2229"]
[PlyCount "91"]

1. d4 d5 2. Bf4 Nc6 3. e3 f6 4. Nf3 Bg4 5. Be2 e6 6. c4 Bd6 7. Bxd6 Qxd6 8. O-O
Nge7 9. Nc3 O-O 10. h3 Bh5 11. Rc1 Kh8 12. cxd5 exd5 13. Na4 Nd8 14. Nc5 b6 15.
Nd3 Ne6 16. Qa4 a5 17. Rc3 Be8 18. Qc2 c6 19. Rc1 Bd7 20. a3 Nc7 21. Nf4 g6 22.
Bd3 Kg7 23. Qe2 Rfe8 24. g4 Ne6 25. Nxe6+ Qxe6 26. Qf1 h5 27. gxh5 Rh8 28. h4
Rxh5 29. Qg2 Nf5 30. Bxf5 Rxf5 31. Kf1 Rh8 32. Ke2 Qe4 33. Rg1 Rh6 34. Qg3 Qe7
35. h5 c5 36. Ke1 c4 37. hxg6 b5 38. Rc2 b4 39. Rg2 Rh1+ 40. Rg1 Rxf3 41. Rxh1
Rxg3 42. Rh7+ Kf8 43. Rh8+ Kg7 44. Rh7+ Kf8 45. Rh8+ Kg7 46. Rh7+ 1/2-1/2

[Event "Championnat de France - Accession"]
[Site "Belfort - SNPHHUATVS"]
[Date "2010.??.??"]
[Round "10.13"]
[White "Ribreau, Herve"]
[Black "Brethes, Francois"]
[Result "1-0"]
[WhiteElo "2238"]
[BlackElo "2238"]
[PlyCount "53"]

1. e4 d6 2. d4 Nf6 3. Nc3 g6 4. g3 Bg7 5. Bg2 O-O 6. Nge2 e5 7. O-O c6 8. a4
Na6 9. h3 exd4 10. Nxd4 Nb4 11. a5 Re8 12. Ra4 c5 13. Nde2 d5 14. Nxd5 Nfxd5
15. exd5 Bf5 16. Qd2 Qd7 17. b3 Rad8 18. Nf4 Bh6 19. Bb2 Nxc2 20. g4 Qb5 21.
Qc3 Nd4 22. Rxd4 Bg7 23. Qc4 Qxa5 24. Rdd1 b5 25. Qc1 Bxb2 26. Qxb2 Qb4 27. Qd2
1-0

[Event "Championnat de France - Accession"]
[Site "Belfort - SNPHHUATVS"]
[Date "2010.??.??"]
[Round "10.14"]
[White "Ludwig, Remi"]
[Black "Castro, John"]
[Result "1-0"]
[WhiteElo "2230"]
[BlackElo "2138"]
[PlyCount "85"]

1. d4 Nf6 2. c4 g6 3. Nc3 Bg7 4. e4 d6 5. Be2 O-O 6. Nf3 e5 7. O-O Nc6 8. d5
Ne7 9. b4 Nh5 10. Re1 f5 11. Ng5 Nf6 12. f3 Kh8 13. Rb1 c6 14. Be3 Bh6 15. Nf7+
Rxf7 16. Bxh6 cxd5 17. exd5 f4 18. Bg5 Bf5 19. Bd3 h6 20. Bxf6+ Rxf6 21. Ne4
Bxe4 22. Bxe4 Qb6+ 23. Kh1 Rc8 24. Qd3 Nf5 25. Rec1 Qe3 26. c5 Qxd3 27. Bxd3
Nd4 28. Be4 Kg7 29. cxd6 Rd8 30. Rc7+ Rf7 31. Rbc1 Nb5 32. Rxf7+ Kxf7 33. Rc7+
Kf6 34. Rxb7 Rc8 35. h4 Nxd6 36. Rxa7 Nxe4 37. fxe4 Rc4 38. b5 Rxe4 39. b6 Rb4
40. b7 e4 41. d6 e3 42. d7 Ke7 43. Ra8 1-0

[Event "Championnat de France - Accession"]
[Site "Belfort - SNPHHUATVS"]
[Date "2010.??.??"]
[Round "10.17"]
[White "Domenech, Vianney"]
[Black "Sochacki, Wojtek"]
[Result "0-1"]
[WhiteElo "2094"]
[BlackElo "2268"]
[PlyCount "80"]

1. d4 d6 2. Nf3 g6 3. Bf4 Bg7 4. e3 Nd7 5. Bc4 e6 6. O-O Ne7 7. e4 O-O 8. Nbd2
a6 9. a4 b6 10. Qe2 Bb7 11. Bd3 Nc6 12. c3 e5 13. Bg5 Qe8 14. d5 Ne7 15. Qe3 f5
16. Bxe7 Qxe7 17. exf5 gxf5 18. Nd4 e4 19. f3 Bxd5 20. fxe4 fxe4 21. Bxe4 Bxe4
22. Qxe4 Qxe4 23. Nxe4 Rae8 24. Rae1 Re5 25. Rxf8+ Kxf8 26. Nf3 Re7 27. Neg5
Rxe1+ 28. Nxe1 Nc5 29. Nxh7+ Ke7 30. h4 Nxa4 31. Nd3 c5 32. Ng5 b5 33. g4 Nxb2
34. Nxb2 Bxc3 35. Nd1 Bd4+ 36. Kf1 a5 37. Nf3 a4 38. Ne1 a3 39. Nc2 a2 40. Ke2
b4 0-1

[Event "Championnat de France - Accession"]
[Site "Belfort - SNPHHUATVS"]
[Date "2010.??.??"]
[Round "10.18"]
[White "Camus, Berenger"]
[Black "Nass, Emile"]
[Result "1/2-1/2"]
[WhiteElo "2212"]
[BlackElo "2248"]
[PlyCount "69"]

1. d4 Nf6 2. c4 e6 3. Nf3 c5 4. Nc3 cxd4 5. Nxd4 Bb4 6. Qb3 Bc5 7. e3 Nc6 8.
Nxc6 dxc6 9. Be2 e5 10. Qc2 Qe7 11. a3 e4 12. b4 Bd6 13. Bb2 Bf5 14. h3 h5 15.
O-O-O a5 16. g4 axb4 17. axb4 Bg6 18. gxh5 Bxh5 19. Bxh5 Rxh5 20. Rhg1 g6 21.
c5 Be5 22. Ne2 Nd5 23. Qb3 Bxb2+ 24. Kxb2 Qe5+ 25. Rd4 Rxh3 26. Rg4 Nf6 27. Nc3
Qxd4 28. exd4 Nxg4 29. Qc2 f5 30. Nxe4 Rha3 31. Nd6+ Kd7 32. Qc4 Ra2+ 33. Kb1
Ra1+ 34. Kb2 R8a2+ 35. Kb3 1/2-1/2

[Event "Championnat de France - Accession"]
[Site "Belfort - SNPHHUATVS"]
[Date "2010.??.??"]
[Round "10.19"]
[White "Houard, Yannick"]
[Black "Briet, Antoine"]
[Result "1/2-1/2"]
[WhiteElo "2238"]
[BlackElo "2212"]
[PlyCount "58"]

1. e4 c5 2. Nf3 d6 3. d4 cxd4 4. Nxd4 Nf6 5. Nc3 g6 6. Be3 Bg7 7. f3 O-O 8. Qd2
Nc6 9. Bc4 Bd7 10. O-O-O Rc8 11. Bb3 Ne5 12. Kb1 Re8 13. Bh6 Bxh6 14. Qxh6 Rxc3
15. bxc3 a5 16. a4 b5 17. Nxb5 Bxb5 18. axb5 a4 19. Ba2 Qa5 20. Rd4 Rc8 21. Qd2
Qxb5+ 22. Rb4 Qa5 23. Ka1 Nc6 24. Rb7 Nd8 25. Rxe7 Kf8 26. e5 dxe5 27. Qd6
Qxc3+ 28. Kb1 Qxc2+ 29. Ka1 Qc3+ 1/2-1/2

[Event "Championnat de France - Accession"]
[Site "Belfort - SNPHHUATVS"]
[Date "2010.??.??"]
[Round "11.1"]
[White "Riff, Vincent"]
[Black "Shirazi, Kamran"]
[Result "1/2-1/2"]
[WhiteElo "2334"]
[BlackElo "2428"]
[PlyCount "144"]
[EventDate "2010.??.??"]

1. e4 g6 2. d4 Bg7 3. Nf3 d6 4. Nc3 a6 5. a4 b6 6. Bd3 e6 7. O-O Ne7 8. Ne2 c5
9. c3 Bb7 10. b4 Nd7 11. bxc5 bxc5 12. Rb1 Rb8 13. h4 h6 14. Be3 cxd4 15. cxd4
Nf6 16. d5 exd5 17. exd5 Bxd5 18. Rxb8 Qxb8 19. Nf4 O-O 20. Bxa6 Bb3 21. Qd3
Bxa4 22. Rb1 Qd8 23. Nd4 Bd7 24. Rd1 Ng4 25. Bc4 Ne5 26. Qb3 N7c6 27. h5 Na5
28. Bxf7+ Rxf7 29. Qd5 gxh5 30. Nde6 Bxe6 31. Nxe6 Qd7 32. Nxg7 Kxg7 33. Qxa5
Qg4 34. Qa1 Rf6 35. Rd4 Nf3+ 36. Kf1 Nxd4 37. Bxd4 Qf5 38. Bxf6+ Qxf6 39. Qa7+
Kg6 40. Qa8 Qe6 41. Qc6 h4 42. Kg1 Qe1+ 43. Kh2 Qe5+ 44. Kg1 Kg5 45. Qc7 Qa1+
46. Kh2 Qf6 47. Kg1 d5 48. Qa5 Qe5 49. Qd8+ Kh5 50. Qa5 Qd4 51. Qa8 Qe4 52. Qa5
Qb1+ 53. Kh2 Qf5 54. Kg1 Qe5 55. Qc5 Kg5 56. Qc1+ Qf4 57. Qc5 Qe5 58. Qc1+ Kh5
59. Qc5 Qe1+ 60. Kh2 Qd2 61. Qf8 Kg5 62. Qg7+ Kf5 63. Qf7+ Ke4 64. Qe6+ Kd4 65.
Qb6+ Kc4 66. Qa6+ Kb3 67. Qb5+ Kc2 68. Qa4+ Kb2 69. Qb5+ Kc1 70. Qf1+ Kc2 71.
f4 d4 72. f5 d3 1/2-1/2

[Event "Championnat de France - Accession"]
[Site "Belfort - SNPHHUATVS"]
[Date "2010.??.??"]
[Round "11.2"]
[White "Moussard, Jules"]
[Black "Saucey, Michel"]
[Result "1-0"]
[WhiteElo "2372"]
[BlackElo "2306"]
[PlyCount "159"]
[EventDate "2010.??.??"]

1. e4 g6 2. d4 Bg7 3. Nc3 c6 4. Bc4 d6 5. Qf3 e6 6. Nge2 b5 7. Bb3 a5 8. a3 Ba6
9. Be3 Ne7 10. Qg3 d5 11. Nf4 O-O 12. Rd1 b4 13. axb4 axb4 14. Na4 Nd7 15. h4
h6 16. f3 Bb5 17. Nc5 Nxc5 18. dxc5 Qb8 19. Kf2 Bxb2 20. Qg4 Bg7 21. Nxe6 fxe6
22. Qxe6+ Rf7 23. exd5 cxd5 24. Rxd5 Nxd5 25. Bxd5 Qe8 26. Qxg6 Ra6 27. Qh5 Re6
28. Bb3 Bc6 29. Bxe6 Qxe6 30. Rd1 Re7 31. Rd3 Bb5 32. Rd8+ Kh7 33. Bd2 Bd7 34.
Kg1 Bd4+ 35. Kh1 Rg7 36. Qxh6+ Qxh6 37. Bxh6 Kxh6 38. c6 Bxc6 39. Rxd4 Ba4 40.
c3 Rc7 41. cxb4 Rc2 42. Kh2 Bb5 43. Rd6+ Kh7 44. Rd5 Bf1 45. Rg5 Rb2 46. Rg4
Kh6 47. Kg1 Bb5 48. g3 Be2 49. Rf4 Kh5 50. Kf2 Bc4+ 51. Ke3 Rb3+ 52. Kd2 Bf1
53. Kc2 Ra3 54. b5 Bg2 55. Rf5+ Kh6 56. Kd2 Rb3 57. Ke2 Kg6 58. g4 Rb1 59. h5+
Kg7 60. Kf2 Bf1 61. b6 Ba6 62. Rg5+ Kf7 63. Rg6 Bc8 64. g5 Be6 65. Rf6+ Ke7 66.
Rf4 Rxb6 67. g6 Bg8 68. Kg3 Rf6 69. Re4+ Kf8 70. Kg4 Bd5 71. Rf4 Kg7 72. Kg5
Rxf4 73. h6+ Kg8 74. Kxf4 Bc4 75. Kg5 Bd3 76. f4 Bc2 77. f5 Bd3 78. f6 Bc4 79.
h7+ Kh8 80. Kh6 1-0

[Event "Championnat de France - Accession"]
[Site "Belfort - SNPHHUATVS"]
[Date "2010.??.??"]
[Round "11.3"]
[White "Sochacki, Christophe"]
[Black "Friess, Nicolas"]
[Result "0-1"]
[WhiteElo "2365"]
[BlackElo "2246"]
[PlyCount "112"]
[EventDate "2010.??.??"]

1. e4 e6 2. d4 d5 3. Nc3 Bb4 4. e5 c5 5. a3 Bxc3+ 6. bxc3 Qa5 7. Bd2 Qa4 8. Qb1
c4 9. Nh3 Nc6 10. g3 Bd7 11. Nf4 O-O-O 12. Bh3 h5 13. O-O h4 14. g4 f6 15. Re1
Re8 16. f3 Rh7 17. exf6 gxf6 18. g5 e5 19. g6 Rhe7 20. Bxd7+ Rxd7 21. Nh5 Rde7
22. Qb2 Qa5 23. Rab1 Qc7 24. Kf2 Qd7 25. dxe5 Qh3 26. exf6 Qxh2+ 27. Kf1 Nxf6
28. Nxf6 h3 29. Qxb7+ Rxb7 30. Rxe8+ Nd8 31. Rxb7 Kxb7 32. Ng4 Qxd2 33. g7 Qg2+
34. Ke1 h2 35. Re7+ Kc6 36. Nxh2 Qg1+ 37. Nf1 Nb7 38. Kd2 Qg2+ 39. Ke3 Nd6 40.
Kf4 Qg6 41. Ne3 Nf7 42. Rxf7 Qxf7+ 43. Nf5 Kd7 44. Kg5 Ke6 45. Nd4+ Ke5 46. f4+
Qxf4+ 47. Kg6 Qg4+ 48. Kf7 Qd7+ 49. Kf8 Qd6+ 50. Kf7 Qf6+ 51. Kg8 a6 52. a4 a5
53. Kh7 Qf7 54. Kh8 Qh5+ 55. Kg8 Kf6 56. Ne6 Kxe6 0-1

[Event "Championnat de France - Accession"]
[Site "Belfort - SNPHHUATVS"]
[Date "2010.??.??"]
[Round "11.4"]
[White "Song, Julien"]
[Black "Crut, Aurelien"]
[Result "1/2-1/2"]
[WhiteElo "2347"]
[BlackElo "2314"]
[PlyCount "90"]
[EventDate "2010.??.??"]

1. d4 d5 2. Nf3 e6 3. c4 c6 4. Nbd2 Nf6 5. g3 Be7 6. Bg2 O-O 7. O-O Nbd7 8. Qc2
b6 9. e4 dxe4 10. Nxe4 Nxe4 11. Qxe4 Bb7 12. Rd1 Qc8 13. Bg5 c5 14. Qh4 Bxg5
15. Qxg5 cxd4 16. Rxd4 Nf6 17. Rad1 Qc7 18. Qe5 Rac8 19. Qxc7 Rxc7 20. Ne5 Bxg2
21. Kxg2 g6 22. b4 Rfc8 23. b5 Kg7 24. a4 h5 25. Nc6 a6 26. Rd8 Rxd8 27. Rxd8
axb5 28. cxb5 Nd7 29. f4 Nc5 30. Rd4 Rc8 31. Rc4 Nd7 32. Kf3 Kf6 33. Ke4 Ra8
34. Kd4 Kf5 35. Kc3 Kg4 36. Kb4 Kh3 37. Rc2 h4 38. gxh4 Kxh4 39. a5 bxa5+ 40.
Nxa5 Nb6 41. Nc6 Ra4+ 42. Kc5 Nd7+ 43. Kd6 Nb6 44. Kc5 Nd7+ 45. Kd6 Nb6 1/2-1/2

[Event "Championnat de France - Accession"]
[Site "Belfort - SNPHHUATVS"]
[Date "2010.??.??"]
[Round "11.5"]
[White "Lerch, Patrice"]
[Black "Monsieux, Cyril"]
[Result "1-0"]
[WhiteElo "2340"]
[BlackElo "2300"]
[PlyCount "39"]
[EventDate "2010.??.??"]

1. e4 e6 2. Nf3 d5 3. e5 c5 4. b4 cxb4 5. a3 Nh6 6. axb4 Bxb4 7. c3 Be7 8. d4
Nf5 9. Bd3 Nc6 10. h4 h5 11. Bg5 a6 12. Nbd2 Qc7 13. O-O Bxg5 14. hxg5 Nce7 15.
Qc1 Bd7 16. Bxf5 Nxf5 17. Qa3 Bb5 18. Rfb1 Rc8 19. g3 Qxc3 20. Qxc3 1-0

[Event "Championnat de France - Accession"]
[Site "Belfort - SNPHHUATVS"]
[Date "2010.??.??"]
[Round "11.6"]
[White "Bujisho, Benjamin"]
[Black "Dubessay, Bastien"]
[Result "1/2-1/2"]
[WhiteElo "2418"]
[BlackElo "2272"]
[PlyCount "38"]
[EventDate "2010.??.??"]

1. e4 c5 2. Nf3 d6 3. d4 cxd4 4. Nxd4 Nf6 5. Nc3 Nc6 6. Bg5 e6 7. Qd2 a6 8.
O-O-O Bd7 9. f4 h6 10. Bh4 g5 11. fxg5 Ng4 12. Be2 Nge5 13. g3 Nxd4 14. g6
Nxe2+ 15. Qxe2 f6 16. Rhf1 Bg7 17. Rxf6 Bxf6 18. g7 Bxg7 19. Qh5+ Nf7 1/2-1/2